| 000 | 01047naa a22002777u 4500 | ||
|---|---|---|---|
| 001 | 07035 | ||
| 003 | HDC | ||
| 007 | cr bn ---aaaaa | ||
| 008 | 210126s1995 ilu eng | ||
| 040 | _aHDC | ||
| 100 |
_aMalcolmson, L.J., _eauthor _97531 |
||
| 245 | 0 |
_aMethods to Assess Quality and Stability of Oils and Fat Containing Foods : _bOrganization of a Sensory Evaluation Program / _cby L.J. Malcolmson |
|
| 260 |
_aChampaign, Illinois : _bAOCS Press, _c1995 |
||
| 300 | _a12 pages | ||
| 336 |
_atext _2rdacontent |
||
| 337 |
_acomputer _2rdamedia |
||
| 338 |
_aonline resource _2rdacarrier |
||
| 500 | _aOriginal from book | ||
| 650 |
_aFood adulteration and inspection _94853 |
||
| 650 |
_aFood industry and trade _xQuality control _9571 |
||
| 650 |
_aOils and fats, Edible _xQuality control _97527 |
||
| 856 | _zRequest full-text at [email protected] | ||
| 942 | _2lcc | ||
| 942 | _cCHAP | ||
| 942 | _kEBCH 000431 | ||
| 999 |
_c4359 _d4359 |
||